Vývoj podnikateľskej sféry v krajinách strednej a východnej Európy

Novozaložené podniky v r. 1996 v krajinách SVE, hlavné výsledky. Porovnanie nových podnikov s už existujúcimi podnikmi. Právna forma a veľkosť podniku. Miesto podnikania. Sektor aktivity. Ponuka a dopyt. Charakteristika zakladateľa/manažéra. Miera investícií. Status aktivity. Hlavné trendy vývoja na...

Descrizione completa

Salvato in:
Dettagli Bibliografici
Autore principale: Papaj, Karol
Natura: Capitolo di libro
Lingua:slovacco
Soggetti:
Tags: Aggiungi Tag
Nessun Tag, puoi essere il primo ad aggiungerne!!

MARC

LEADER 00000naa a2200000 4500
001 r033159
005 20230921102144.2
041 0 |a slo 
044 |a SK 
245 1 0 |a Vývoj podnikateľskej sféry v krajinách strednej a východnej Európy  |c Karol Papaj 
520 |a Novozaložené podniky v r. 1996 v krajinách SVE, hlavné výsledky. Porovnanie nových podnikov s už existujúcimi podnikmi. Právna forma a veľkosť podniku. Miesto podnikania. Sektor aktivity. Ponuka a dopyt. Charakteristika zakladateľa/manažéra. Miera investícií. Status aktivity. Hlavné trendy vývoja na Slovensku v r. 1995-1996. 
610 2 0 |a podnik 
610 2 0 |a podnikanie 
610 2 0 |a veľkosť podnikov 
610 2 0 |a ponuka 
610 2 0 |a dopyt 
610 2 0 |a investície 
610 2 0 |a manažéri 
610 2 0 |a SVE 
610 2 0 |a Slovensko 
610 2 0 |a porovnanie štatistické 
610 2 0 |a 1996 
100 1 |a Papaj, Karol